[Event "Tula Starodubtsev Memorial 4th"]
[Site "Tula"]
[Date "2018.01.08"]
[Round "2"]
[White "Vasiukov, Evgeni"]
[Black "Potkin, Vladimir"]
[Result "0-1"]
[WhiteElo "2400"]
[BlackElo "2574"]
[PlyCount "116"]
[EventDate "2018.01.08"]
[EventType "tourn (rapid)"]
[EventRounds "9"]
[EventCountry "RUS"]
[EventCategory "10"]
[SourceTitle "CBM 182 Extra"]
[Source "ChessBase"]
[SourceDate "2018.02.23"]
[SourceVersion "1"]
[SourceVersionDate "2018.02.23"]
[SourceQuality "1"]

1. e4 c5 2. a3 g6 3. b4 Bg7 4. c3 Nf6 5. e5 Nd5 6. bxc5 Bxe5 7. d4 Bg7 8. Bc4 Nf6 9. Nf3 0-0 10. 0-0 b6 11. cxb6 axb6 12. Re1 Nc6 13. Bg5 Na5 14. Bf1 Bb7 15. Nbd2 Rc8 16. Rc1 d6 17. h3 Rc7 18. Qa4 Qa8 19. Bxf6 Bxf6 20. Qb4 Rfc8 21. Re3 Bxf3 22. Nxf3 Nc6 23. Qxb6 Rb7 24. Qa6 Ra7 25. Qd3 Rxa3 26. Qd1 Qa5 27. Nd2 Ra2 28. Bc4 Rb2 29. Ra1 Qc7 30. Ne4 Kg7 31. Nxf6 exf6 32. Bd5 Ne7 33. Qf3 Rc2 34. Ra3 Rc1+ 35. Kh2 Nf5 36. Rd3 Rb8 37. g4 Nh4 38. Qe3 Rc2 39. Ra2 Rxa2 40. Bxa2 Rb2 41. Bd5 g5 42. Rd2 Rb8 43. f4 h6 44. Rf2 Ng6 45. fxg5 hxg5 46. Qe4 Nf4 47. c4 Rb3 48. Rxf4 gxf4 49. Qxf4 Qe7 50. Be4 Kf8 51. h4 Qe6 52. Bg2 Ke7 53. g5 fxg5 54. hxg5 Rb2 55. c5 dxc5 56. dxc5 Rc2 57. Qd4 Rc4 58. Qf2 Qe5+ 0-1

[Event "Tula Starodubtsev Memorial 4th"]
[Site "Tula"]
[Date "2018.01.08"]
[Round "1"]
[White "Yagupov, Igor"]
[Black "Vasiukov, Evgeni"]
[Result "1-0"]
[WhiteElo "2394"]
[BlackElo "2400"]
[PlyCount "127"]
[EventDate "2018.01.08"]
[EventType "tourn (rapid)"]
[EventRounds "9"]
[EventCountry "RUS"]
[EventCategory "10"]
[SourceTitle "CBM 182 Extra"]
[Source "ChessBase"]
[SourceDate "2018.02.23"]
[SourceVersion "1"]
[SourceVersionDate "2018.02.23"]
[SourceQuality "1"]

1. e4 Nf6 2. e5 Nd5 3. d4 d6 4. Nf3 Bg4 5. Be2 e6 6. h3 Bh5 7. c4 Nb6 8. exd6 cxd6 9. Nc3 Be7 10. d5 e5 11. g4 Bg6 12. h4 h5 13. g5 N8d7 14. Be3 Rc8 15. b3 Nc5 16. Rc1 a5 17. Rg1 Nbd7 18. Rg3 Bf5 19. Kf1 Nf8 20. Bxc5 Rxc5 21. Bd3 Bxd3+ 22. Qxd3 Ng6 23. Qf5 Qd7 24. Qxd7+ Kxd7 25. Ke2 Rb8 26. Kd2 Rcc8 27. Rc2 Bd8 28. Ne4 Bb6 29. Rg1 Bc5 30. a4 Bb4+ 31. Ke3 Rc7 32. Rcc1 Rbc8 33. Ra1 Bc5+ 34. Nxc5+ Rxc5 35. Rh1 Ne7 36. Nd2 Nf5+ 37. Kd3 Ra8 38. Rae1 Rcc8 39. Re4 Ra6 40. f4 Ng3 41. Rh3 Nxe4 42. Nxe4 Rb6 43. Kc2 exf4 44. Rf3 Re8 45. Rxf4 Re7 46. Kc3 Rb4 47. Kc2 b5 48. axb5 a4 49. Nd2 axb3+ 50. Kc3 Ra4 51. Kxb3 Ra1 52. Ne4 Re1 53. Nc3 Rg1 54. b6 Rg4 55. Rf3 Rxh4 56. Nb5 Rhe4 57. b7 Re3+ 58. Kb4 Re8 59. Rxe3 Rb8 60. c5 dxc5+ 61. Kxc5 Rxb7 62. d6 Kd8 63. Kc6 Rb8 64. Nc7 1-0

[Event "EU-ch Seniors 65 17th"]
[Site "Sabadell"]
[Date "2017.08.18"]
[Round "7"]
[White "Vasiukov, Evgeni"]
[Black "Wahlbom, Magnus"]
[Result "1-0"]
[WhiteElo "2390"]
[BlackElo "2194"]
[PlyCount "51"]
[EventDate "2017.08.12"]
[EventType "swiss"]
[EventRounds "9"]
[EventCountry "ESP"]
[SourceTitle "CBM 180 Extra"]
[Source "ChessBase"]
[SourceDate "2017.10.06"]
[SourceVersion "1"]
[SourceVersionDate "2017.10.06"]
[SourceQuality "1"]

1. e4 c5 2. a3 Nc6 3. b4 cxb4 4. axb4 Nxb4 5. d4 d5 6. c3 Nc6 7. exd5 Qxd5 8. Na3 e5 9. Nb5 Kd8 10. Bg5+ Be7 11. dxe5 Qxd1+ 12. Rxd1+ Bd7 13. Bf4 a6 14. e6 fxe6 15. Nc7 e5 16. Nxa8 exf4 17. Nb6 Nf6 18. Nh3 Re8 19. Be2 f3 20. gxf3 Kc7 21. Nxd7 Nxd7 22. Nf4 Bd6 23. Nd5+ Kb8 24. f4 Bc5 25. Rg1 g6 26. Rg3 1-0

[Event "EU-chT Seniors 65"]
[Site "Novi Sad"]
[Date "2017.06.28"]
[Round "4.2"]
[White "Taksrud, Vidar"]
[Black "Vasiukov, Evgeni"]
[Result "0-1"]
[WhiteElo "1979"]
[BlackElo "2396"]
[PlyCount "94"]
[EventDate "2017.06.25"]
[EventType "team-tourn"]
[EventRounds "9"]
[EventCountry "SRB"]
[SourceTitle "CBM 179 Extra"]
[Source "ChessBase"]
[SourceDate "2017.08.23"]
[SourceVersion "1"]
[SourceVersionDate "2017.08.23"]
[SourceQuality "1"]
[WhiteTeam "Norway 65"]
[BlackTeam "Russia 65"]
[WhiteTeamCountry "NOR"]
[BlackTeamCountry "RUS"]

1. Nc3 c5 2. Nf3 Nc6 3. d4 cxd4 4. Nxd4 Nf6 5. e4 d6 6. Be2 g6 7. Be3 Bg7 8. Qd2 0-0 9. f3 d5 10. Nxc6 bxc6 11. Rd1 Qc7 12. exd5 Nxd5 13. Nxd5 cxd5 14. 0-0 Rd8 15. c3 Rb8 16. Qc1 e5 17. f4 Be6 18. Kh1 Qb7 19. b3 d4 20. cxd4 exd4 21. Bf3 Qa6 22. f5 Bxf5 23. Bg5 Re8 24. Bd5 Be6 25. Bxe6 Qxe6 26. Qc7 Qd5 27. Bf6 Rbc8 28. Qf4 Rc2 29. Rf3 Bxf6 30. Qxf6 Re3 31. h3 d3 32. Qf4 Rxf3 33. Qxf3 Qxf3 34. gxf3 d2 35. Kg2 Rxa2 36. Kf2 Kg7 37. Ke2 Kf6 38. Kd3 Kf5 39. Ke3 Rb2 40. Ke2 h5 41. h4 f6 42. Ra1 Rxb3 43. Ra5+ Kf4 44. Ra6 Rb6 45. Ra4+ Kg3 46. Kxd2 a6 47. f4 f5 0-1

[Event "WchT Seniors 65"]
[Site "Hersonissos"]
[Date "2017.05.01"]
[Round "8.1"]
[White "Vasiukov, Evgeni"]
[Black "Nordstrom, Felix"]
[Result "1-0"]
[WhiteElo "2396"]
[BlackElo "2139"]
[PlyCount "71"]
[EventDate "2017.04.24"]
[EventType "team-swiss"]
[EventRounds "9"]
[EventCountry "GRE"]
[SourceTitle "CBM 178 Extra"]
[Source "ChessBase"]
[SourceDate "2017.06.22"]
[SourceVersion "1"]
[SourceVersionDate "2017.06.22"]
[SourceQuality "1"]
[WhiteTeam "Russia"]
[BlackTeam "Sweden II"]
[WhiteTeamCountry "RUS"]
[BlackTeamCountry "SWE"]

1. e4 c5 2. Nf3 d6 3. d4 cxd4 4. Qxd4 a6 5. c4 Nc6 6. Qd2 g6 7. b3 Bh6 8. Qc3 Qa5 9. Qxa5 Nxa5 10. Bb2 Nf6 11. Nc3 e5 12. Rd1 Bf8 13. Ba3 Bg4 14. Bxd6 Bxd6 15. Rxd6 Bxf3 16. Rxf6 Bg4 17. Rd6 0-0 18. Be2 Be6 19. 0-0 Rfd8 20. Rfd1 Rxd6 21. Rxd6 Kf8 22. g3 Nc6 23. f4 Rd8 24. Rxd8+ Nxd8 25. Kf2 Ke7 26. fxe5 Nc6 27. Nd5+ Kd8 28. Ke3 Nxe5 29. Kd4 Nd7 30. b4 g5 31. e5 h6 32. a3 Bh3 33. Bh5 Be6 34. Bf3 Bh3 35. Nf6 Nxf6 36. exf6 1-0

[Event "WchT Seniors 65"]
[Site "Hersonissos"]
[Date "2017.04.30"]
[Round "7.2"]
[White "Vasiukov, Evgeni"]
[Black "Berkovich, Mark A"]
[Result "1-0"]
[WhiteElo "2396"]
[BlackElo "2345"]
[PlyCount "135"]
[EventDate "2017.04.24"]
[EventType "team-swiss"]
[EventRounds "9"]
[EventCountry "GRE"]
[SourceTitle "CBM 178 Extra"]
[Source "ChessBase"]
[SourceDate "2017.06.22"]
[SourceVersion "1"]
[SourceVersionDate "2017.06.22"]
[SourceQuality "1"]
[WhiteTeam "Russia"]
[BlackTeam "Israel"]
[WhiteTeamCountry "RUS"]
[BlackTeamCountry "ISR"]

1. e4 c5 2. Nf3 Nc6 3. Bb5 e6 4. 0-0 Nge7 5. Re1 a6 6. Bf1 d5 7. exd5 Nxd5 8. d4 Nf6 9. c3 cxd4 10. cxd4 Be7 11. Nc3 0-0 12. Be3 b5 13. Rc1 Bb7 14. a4 b4 15. Nb1 Nd5 16. Nbd2 Na5 17. Bd3 Rc8 18. Qe2 Nxe3 19. fxe3 Qd6 20. Ne5 Nc6 21. Nef3 Na5 22. Ne5 Nc6 23. Nec4 Qd8 24. Nb3 a5 25. Rc2 Bf6 26. Ncxa5 Nxa5 27. Rxc8 Qxc8 28. Nxa5 Ba8 29. Nc4 Qc6 30. b3 g6 31. Qf3 Qxc4 32. Bxc4 Bxf3 33. gxf3 Bd8 34. Rc1 Ba5 35. Bd3 Ra8 36. Rc6 Kf8 37. Kf2 Ke7 38. Ke2 Ra7 39. f4 h6 40. h3 Bc7 41. Rc5 Bd6 42. Rb5 Kd7 43. Be4 f5 44. Bd3 g5 45. fxg5 hxg5 46. Bc4 Ra8 47. Rb7+ Bc7 48. Bxe6+ Kxe6 49. Rxc7 Rh8 50. Rc6+ Kf7 51. Rb6 Rxh3 52. Rxb4 Rh2+ 53. Kf1 Ra2 54. Rb6 g4 55. d5 g3 56. Rb4 Rf2+ 57. Kg1 Re2 58. a5 Rxe3 59. Kg2 Ke7 60. a6 f4 61. Rxf4 Rxb3 62. Ra4 Rb8 63. a7 Ra8 64. Kxg3 Kd6 65. Ra5 Kc7 66. Kf4 Kb6 67. Ra3 Kc5 68. Ke5 1-0

[Event "WchT Seniors 65"]
[Site "Hersonissos"]
[Date "2017.04.26"]
[Round "3.2"]
[White "Vasiukov, Evgeni"]
[Black "Uddenfeldt, Dan"]
[Result "1-0"]
[WhiteElo "2396"]
[BlackElo "2359"]
[PlyCount "85"]
[EventDate "2017.04.24"]
[EventType "team-swiss"]
[EventRounds "9"]
[EventCountry "GRE"]
[SourceTitle "CBM 178 Extra"]
[Source "ChessBase"]
[SourceDate "2017.06.22"]
[SourceVersion "1"]
[SourceVersionDate "2017.06.22"]
[SourceQuality "1"]
[WhiteTeam "Russia"]
[BlackTeam "Sweden"]
[WhiteTeamCountry "RUS"]
[BlackTeamCountry "SWE"]

1. e4 d6 2. d4 g6 3. Nc3 Bg7 4. Nf3 Nf6 5. Be2 c6 6. 0-0 0-0 7. h3 Nbd7 8. a4 a5 9. Be3 e5 10. Re1 Re8 11. Bc4 Qe7 12. Qd2 exd4 13. Nxd4 Nc5 14. f3 Rd8 15. Rad1 Qc7 16. Qf2 Bd7 17. Nb3 b6 18. Nxc5 bxc5 19. e5 dxe5 20. Bxc5 Qb7 21. b3 Re8 22. Ne4 Nxe4 23. fxe4 Be6 24. Bxe6 Rxe6 25. Rd3 Bf8 26. Red1 Bxc5 27. Qxc5 Qb4 28. Rd8+ Rxd8 29. Rxd8+ Kg7 30. Qxb4 axb4 31. Rb8 c5 32. Rc8 Rd6 33. Rxc5 Kf6 34. Rc4 Kg5 35. Kf2 f5 36. h4+ Kf6 37. Kf3 Rb6 38. Rc5 Ke6 39. Ke3 h6 40. Kf3 f4 41. a5 Ra6 42. c3 bxc3 43. b4 1-0

[Event "Dvorkovich Memorial op"]
[Site "Taganrog"]
[Date "2017.01.21"]
[Round "9"]
[White "Sukhareva, Evgenia"]
[Black "Vasiukov, Evgeni"]
[Result "1/2-1/2"]
[WhiteElo "2151"]
[BlackElo "2411"]
[PlyCount "54"]
[EventDate "2017.01.13"]
[EventType "swiss"]
[EventRounds "9"]
[EventCountry "RUS"]
[SourceTitle "CBM 176 Extra"]
[Source "ChessBase"]
[SourceDate "2017.03.02"]
[SourceVersion "1"]
[SourceVersionDate "2017.03.02"]
[SourceQuality "1"]

1. d4 f5 2. c4 Nf6 3. Nc3 g6 4. g3 Bg7 5. Bg2 d6 6. d5 e5 7. dxe6 c6 8. Rb1 Bxe6 9. b3 0-0 10. Nf3 Na6 11. 0-0 Re8 12. Ng5 Qd7 13. Bb2 h6 14. Nxe6 Qxe6 15. e3 Rad8 16. Qd2 Nc5 17. Rbd1 a5 18. Qc2 Kh7 19. Rd2 h5 20. h4 Bh6 21. Rfd1 Ng4 22. Re2 Nd7 23. Bf3 Nge5 24. Bg2 Ng4 25. Bf3 Nge5 26. Bg2 Ng4 27. Bf3 Nge5 1/2-1/2

[Event "Dvorkovich Memorial op"]
[Site "Taganrog"]
[Date "2017.01.20"]
[Round "8"]
[White "Vasiukov, Evgeni"]
[Black "Gunchenko, Vadim"]
[Result "1/2-1/2"]
[WhiteElo "2411"]
[BlackElo "2245"]
[PlyCount "38"]
[EventDate "2017.01.13"]
[EventType "swiss"]
[EventRounds "9"]
[EventCountry "RUS"]
[SourceTitle "CBM 176 Extra"]
[Source "ChessBase"]
[SourceDate "2017.03.02"]
[SourceVersion "1"]
[SourceVersionDate "2017.03.02"]
[SourceQuality "1"]

1. e4 c5 2. Nf3 d6 3. d4 cxd4 4. Qxd4 Nc6 5. Bb5 Bd7 6. Bxc6 Bxc6 7. Nc3 Nf6 8. Bg5 e6 9. 0-0-0 Be7 10. Rhe1 0-0 11. Kb1 h6 12. Bc1 b5 13. e5 dxe5 14. Qh4 Qc7 15. Bxh6 gxh6 16. Qxh6 Rfd8 17. Qg5+ Kf8 18. Qh6+ Kg8 19. Qg5+ Kf8 1/2-1/2

[Event "Dvorkovich Memorial op"]
[Site "Taganrog"]
[Date "2017.01.15"]
[Round "3"]
[White "Moiseenko, Vadim"]
[Black "Vasiukov, Evgeni"]
[Result "1-0"]
[WhiteElo "2520"]
[BlackElo "2411"]
[PlyCount "70"]
[EventDate "2017.01.13"]
[EventType "swiss"]
[EventRounds "9"]
[EventCountry "RUS"]
[SourceTitle "CBM 176 Extra"]
[Source "ChessBase"]
[SourceDate "2017.03.02"]
[SourceVersion "1"]
[SourceVersionDate "2017.03.02"]
[SourceQuality "1"]

1. d4 Nf6 2. Bf4 d6 3. c4 g6 4. Nc3 Bg7 5. Qd2 0-0 6. Rd1 Na6 7. Nf3 Re8 8. h3 c5 9. e3 Bf5 10. Be2 Qb6 11. 0-0 Ne4 12. Nxe4 Bxe4 13. Bg3 e5 14. d5 Bxf3 15. Bxf3 f5 16. e4 f4 17. Bh2 h5 18. g4 h4 19. g5 Bf8 20. Kh1 Be7 21. Rg1 Kg7 22. b3 Rh8 23. Rb1 Qd8 24. Rg2 b6 25. Qc3 Kf7 26. a3 Rb8 27. b4 b5 28. Bg4 Rh7 29. f3 Bxg5 30. Bg1 Kf6 31. bxc5 Nxc5 32. Bxc5 dxc5 33. Be6 Bh6 34. a4 Rhb7 35. Rgb2 Bf8 1-0

[Event "Wch Seniors 65 26th"]
[Site "Marianske Lazne"]
[Date "2016.11.21"]
[Round "3"]
[White "Hohler, Peter"]
[Black "Vasiukov, Evgeni"]
[Result "0-1"]
[WhiteElo "2119"]
[BlackElo "2405"]
[PlyCount "162"]
[EventDate "2016.11.19"]
[EventType "swiss"]
[EventRounds "11"]
[EventCountry "CZE"]
[SourceTitle "CBM 175 Extra"]
[Source "ChessBase"]
[SourceDate "2016.12.12"]
[SourceVersion "1"]
[SourceVersionDate "2016.12.12"]
[SourceQuality "1"]

1. Nf3 Nf6 2. g3 d5 3. Bg2 c6 4. 0-0 Bg4 5. d4 Nbd7 6. Nbd2 e6 7. Re1 Be7 8. e4 0-0 9. c3 a5 10. h3 Bh5 11. e5 Ne8 12. Nf1 a4 13. a3 Nc7 14. N1h2 Nb6 15. Bf1 Nc4 16. Bd3 Bg6 17. Kg2 b5 18. Qe2 c5 19. Bxg6 fxg6 20. dxc5 Bxc5 21. Nd4 Bxd4 22. cxd4 Na6 23. Bd2 Qb6 24. Bc3 Rf7 25. h4 Raa7 26. Reb1 Nb8 27. f4 Na5 28. Rd1 Nb3 29. Rab1 Nc6 30. Nf3 h6 31. Qd3 Rf5 32. Qe2 Rc7 33. Qe1 Rf8 34. Rd3 Rb8 35. Kh3 b4 36. axb4 Nxb4 37. Bxb4 Qxb4 38. Qxb4 Rxb4 39. Kg4 Kh7 40. h5 gxh5+ 41. Kxh5 g6+ 42. Kh4 Rbc4 43. Rdd1 Rb7 44. Nd2 Rxd4 45. Nxb3 Rxd1 46. Rxd1 axb3 47. Kg4 Kg7 48. Kf3 g5 49. fxg5 hxg5 50. Re1 Rb4 51. g4 Kf7 52. Re3 Ke7 53. Kg3 Kd7 54. Kf3 Kc6 55. Rc3+ Kb5 56. Kg3 Ka5 57. Kf3 Kb6 58. Kg3 Kb5 59. Kf3 Rf4+ 60. Kg3 Re4 61. Rxb3+ Kc4 62. Rb8 Rxe5 63. b3+ Kc3 64. b4 Re3+ 65. Kf2 Re4 66. b5 Rxg4 67. b6 Rb4 68. b7 Kd2 69. Kf3 Kd3 70. Kf2 Rb2+ 71. Kf1 d4 72. Re8 Rxb7 73. Rxe6 Rf7+ 74. Ke1 Rf4 75. Rg6 g4 76. Rg8 Ke3 77. Re8+ Re4 78. Rf8 d3 79. Rd8 g3 80. Rg8 Kf3+ 81. Kd2 g2 0-1

[Event "Wch Seniors 65 26th"]
[Site "Marianske Lazne"]
[Date "2016.11.20"]
[Round "2"]
[White "Vasiukov, Evgeni"]
[Black "Mlynek, Petr"]
[Result "1/2-1/2"]
[WhiteElo "2405"]
[BlackElo "2139"]
[PlyCount "47"]
[EventDate "2016.11.19"]
[EventType "swiss"]
[EventRounds "11"]
[EventCountry "CZE"]
[SourceTitle "CBM 175 Extra"]
[Source "ChessBase"]
[SourceDate "2016.12.12"]
[SourceVersion "1"]
[SourceVersionDate "2016.12.12"]
[SourceQuality "1"]

1. e4 c6 2. b3 d5 3. Bb2 dxe4 4. Nc3 Nf6 5. Nge2 Bf5 6. Ng3 Bg6 7. h4 h5 8. Qe2 e6 9. Ngxe4 Be7 10. g3 Nbd7 11. Ng5 0-0 12. Bg2 Nd5 13. Nce4 N7f6 14. 0-0 Nxe4 15. Nxe4 Nf6 16. d3 Nxe4 17. dxe4 Qa5 18. a3 Rfd8 19. b4 Qb5 20. c4 Qa4 21. g4 Qb3 22. g5 Qd3 23. Rae1 a5 24. bxa5 1/2-1/2

[Event "WchT Seniors 65"]
[Site "Radebeul"]
[Date "2016.07.01"]
[Round "6.1"]
[White "Vasiukov, Evgeni"]
[Black "Van Herck, Marcel"]
[Result "1-0"]
[WhiteElo "2403"]
[BlackElo "2155"]
[PlyCount "37"]
[EventDate "2016.06.26"]
[EventType "team-swiss"]
[EventRounds "9"]
[EventCountry "GER"]
[SourceTitle "CBM 173 Extra"]
[Source "ChessBase"]
[SourceDate "2016.08.29"]
[SourceVersion "1"]
[SourceVersionDate "2016.08.29"]
[SourceQuality "1"]
[WhiteTeam "Russia 65+"]
[BlackTeam "Belgium"]
[WhiteTeamCountry "RUS"]
[BlackTeamCountry "BEL"]

1. e4 c5 2. a3 g6 3. b4 Bg7 4. c3 b6 5. d4 d5 6. e5 Bf5 7. Nd2 cxd4 8. cxd4 h5 9. Bb2 Nh6 10. Qa4+ Bd7 11. Qb3 0-0 12. Ngf3 Bg4 13. h3 Bxf3 14. Nxf3 e6 15. Rc1 Nf5 16. g4 hxg4 17. hxg4 Ne7 18. Ng5 Qd7 19. Rh8+ 1-0

[Event "EU-ch Seniors 65 16th"]
[Site "Yerevan"]
[Date "2016.06.06"]
[Round "2"]
[White "Vasiukov, Evgeni"]
[Black "Avetisyan, Ashot"]
[Result "1-0"]
[WhiteElo "2403"]
[BlackElo "2124"]
[PlyCount "75"]
[EventDate "2016.06.05"]
[EventType "swiss"]
[EventRounds "9"]
[EventCountry "ARM"]
[SourceTitle "CBM 172 Extra"]
[Source "ChessBase"]
[SourceDate "2016.06.21"]
[SourceVersion "1"]
[SourceVersionDate "2016.06.21"]
[SourceQuality "1"]

1. f4 d5 2. g3 g6 3. Bg2 Bg7 4. Nf3 c5 5. 0-0 Nc6 6. d3 Nf6 7. c3 0-0 8. Na3 a6 9. Qe1 d4 10. Bd2 Be6 11. h3 Qd7 12. Kh2 b5 13. Nc2 Rac8 14. b3 Nd5 15. c4 Nc3 16. e4 bxc4 17. bxc4 Rb8 18. Bc1 Nb4 19. Nxb4 cxb4 20. g4 Rfd8 21. f5 Qc7+ 22. Kh1 Bd7 23. Ng5 h6 24. fxg6 fxg6 25. Nf7 g5 26. Nxd8 Rxd8 27. Bd2 Qe5 28. Rf3 a5 29. Bc1 Rb8 30. Bb2 a4 31. a3 bxa3 32. Bxa3 Rb3 33. Rf2 Qg3 34. Rf8+ Bxf8 35. Qxg3 Ne2 36. Qe5 Rxd3 37. Bxe7 Kf7 38. Qf6+ 1-0

[Event "EU-chT Seniors"]
[Site "Vienna"]
[Date "2015.07.16"]
[Round "5.1"]
[White "Vasiukov, Evgeni"]
[Black "Zilberman, Yaacov"]
[Result "1/2-1/2"]
[WhiteElo "2401"]
[BlackElo "2383"]
[PlyCount "98"]
[EventDate "2015.07.12"]
[EventType "team-swiss"]
[EventRounds "9"]
[EventCountry "AUT"]
[SourceTitle "CBM 167 Extra"]
[Source "ChessBase"]
[SourceDate "2015.09.14"]
[SourceVersion "1"]
[SourceVersionDate "2015.09.14"]
[SourceQuality "1"]
[WhiteTeam "Russia"]
[BlackTeam "Israel"]
[WhiteTeamCountry "RUS"]
[BlackTeamCountry "ISR"]

1. e4 e5 2. Bc4 Nf6 3. d3 Nc6 4. Nf3 Be7 5. 0-0 0-0 6. Re1 d6 7. c3 Nd7 8. a4 a5 9. Na3 Kh8 10. d4 Bf6 11. h3 Nb6 12. Bb5 exd4 13. cxd4 Nb4 14. Bf4 d5 15. e5 Be7 16. Nc2 Bf5 17. Nxb4 Bxb4 18. Re2 Be7 19. Bd3 Qc8 20. Qc2 Bxd3 21. Qxd3 Qe6 22. Bg5 Rfe8 23. Bxe7 Rxe7 24. Ng5 Qg6 25. Qxg6 hxg6 26. f4 Nd7 27. g4 c5 28. Rd1 Rc8 29. Kf2 Nb6 30. dxc5 Rxc5 31. b3 Kg8 32. Rd3 Na8 33. e6 f6 34. Nf3 Nc7 35. Nd4 b5 36. f5 gxf5 37. gxf5 bxa4 38. bxa4 Rc4 39. Nb5 Nxb5 40. axb5 Rc5 41. b6 Rb5 42. b7 Re8 43. Rc2 Rxb7 44. Rxd5 Kh7 45. Rxa5 g6 46. Rd5 Kh6 47. h4 gxf5 48. Rd7 Rb3 49. Re2 Rh3 1/2-1/2